000 00888nam a22002417a 4500
005 20180320101115.0
010 _a1718EN-30 ENG-115788
020 _a9789352602155
_c775.00
020 _a9352602153
_c775.00
035 _aB-683626-637
037 _bBSB
_adpl
037 _bDBAD/PUB
082 _a658.1511
100 _aGarrison,Ray H.
245 _aManagerical accounting /
_cby Ray, H.Garrison, Eric, W.Noreen [and] Peter, C.Brewer
250 _a14th ed.
260 _aNew Delhi
_bMcgraw Hill Education
_c2016
270 _aP-24,Green Park
_bNew Delhi
_e110016
300 _axxxv,762p. :
_bill
_c28cm(pbk)
500 _aIncludes index
942 _2ddc
_cEN
_h658.1511
_mGAR
999 _c102590
_d102590